Will the Japanese nuclear disaster force a UK energy rethink? (Record no. 83044)

MARC details
000 -LEADER
fixed length control field 00657cab a22001935a 4500
001 - CONTROL NUMBER
control field L152635
008 - FIXED-LENGTH DATA ELEMENTS--GENERAL INFORMATION
fixed length control field 110407s20110324xxkd f 000 0 eng d
035 ## - SYSTEM CONTROL NUMBER
System control number (Sirsi) u152635
041 0# - LANGUAGE CODE
Language code of text/sound track or separate title eng
100 1# - MAIN ENTRY--PERSONAL NAME
Personal name Lynch, Declan
245 00 - TITLE STATEMENT
Title Will the Japanese nuclear disaster force a UK energy rethink?
260 ## - PUBLICATION, DISTRIBUTION, ETC.
Date of publication, distribution, etc. 2011
490 #0 - SERIES STATEMENT
Series statement New Civil Engineer
Volume/sequential designation 24 March 2011, 14-15(2)
520 ## - SUMMARY, ETC.
Summary, etc. Looks at the options for meeting the UK's future energy needs; a map illustrating the alternatives to UK nuclear.
590 ## - LOCAL NOTE (RLIN)
Local note KA
651 #4 - SUBJECT ADDED ENTRY--GEOGRAPHIC NAME
Geographic name United Kingdom
Chronological subdivision
690 ## - LOCAL SUBJECT ADDED ENTRY--TOPICAL TERM (OCLC, RLIN)
Topical term or geographic name as entry element ENVIRONMENTAL AND LAND CONSULTANCY-ENERGY-ENERGY USE-ENERGY EFFICIENCY
942 ## - ADDED ENTRY ELEMENTS (KOHA)
Suppress in OPAC 0
Holdings
Withdrawn status Lost status Source of classification or shelving scheme Damaged status Not for loan Home library Current library Shelving location Date acquired Total Checkouts Full call number Barcode Date last seen Copy number Price effective from Koha item type
    Dewey Decimal Classification     London London Journal article 07/04/2011   L152635 152635-1001 06/08/2019 1 06/08/2019 Journal article